| 000 | 00442nam a2200193Ia 4500 | ||
|---|---|---|---|
| 003 | OSt | ||
| 005 | 20231030160858.0 | ||
| 008 | 210210b1889 xxu||||| |||| 00| 0 eng d | ||
| 040 | _cAL | ||
| 041 | _aeng | ||
| 082 | _a825/1067 | ||
| 100 |
_aBYRON _9140058 |
||
| 245 | _aNichol | ||
| 260 |
_aLondon _bMacmillan & Co. Ltd. _c1889 |
||
| 650 |
_aNichol _9140059 |
||
| 690 |
_aEnglish Criticism _9140060 |
||
| 906 | _a015382 | ||
| 942 |
_2ddc _cBK |
||
| 999 |
_c134742 _d134742 |
||